00421 2200169 4500245004800000020002200048250001100070100002200081650001600103005001900119260003000138041001400168084000800182300002200190490003000212336000900242 aCongklak MisteriuscRane Kiran AnjalihText a978-602-242-161-0 aCet. 5 aRane Kiran Anjali aNovel Fiksi a20230113093245 aBandungbDAR! Mizanc2014 aIndonesia a813 a140 hlm. :cilus. aKecil - Kecil Punya Karya atext